[Event "Titled Tuesday intern op 28th Jun Early"]
[Site "Chess.com INT"]
[Date "2022.06.28"]
[Round "1"]
[White "Coto Mederos, Michel"]
[Black "Hovhannisyan, Robert"]
[Result "0-1"]
[WhiteElo "2353"]
[BlackElo "2607"]
[PlyCount "64"]
[EventDate "2022.06.28"]
[EventType "swiss (blitz)"]
[EventRounds "11"]
[EventCountry "USA"]
[SourceTitle "CBM 209 Extra"]
[Source "ChessBase"]
[SourceDate "2022.09.30"]
[SourceVersion "1"]
[SourceVersionDate "2022.09.30"]
[SourceQuality "1"]

1. c4 e5 2. Nc3 Bb4 3. Nd5 Be7 4. g3 Nf6 5. Nxe7 Qxe7 6. Bg2 0-0 7. e3 c6 8. Ne2 d5 9. cxd5 cxd5 10. 0-0 Nc6 11. d3 Bf5 12. a3 a5 13. b3 Qd7 14. Bb2 Bh3 15. Rc1 h5 16. Re1 Bxg2 17. Kxg2 h4 18. h3 hxg3 19. fxg3 Rfe8 20. g4 Rad8 21. Ng3 Qe6 22. Rf1 Ne7 23. g5 Nd7 24. Qh5 Rc8 25. h4 d4 26. e4 Ng6 27. Nf5 Qxb3 28. Rxc8 Rxc8 29. Bc1 Rxc1 30. Ne7+ Nxe7 31. Rxc1 Qb2+ 32. Kg3 Qxc1 0-1

[Event "Titled Tuesday intern op 28th Jun Early"]
[Site "Chess.com INT"]
[Date "2022.06.28"]
[Round "10"]
[White "Coto Mederos, Michel"]
[Black "Sarkar, Justin"]
[Result "1-0"]
[WhiteElo "2353"]
[BlackElo "2348"]
[PlyCount "43"]
[EventDate "2022.06.28"]
[EventType "swiss (blitz)"]
[EventRounds "11"]
[EventCountry "USA"]
[SourceTitle "CBM 209 Extra"]
[Source "ChessBase"]
[SourceDate "2022.09.30"]
[SourceVersion "1"]
[SourceVersionDate "2022.09.30"]
[SourceQuality "1"]

1. c4 a6 2. Nc3 e6 3. e4 c5 4. Nf3 Nc6 5. Be2 e5 6. 0-0 d6 7. d3 g6 8. Ne1 Bg7 9. Bg4 f5 10. exf5 gxf5 11. Bh5+ Kf8 12. f4 Nf6 13. fxe5 dxe5 14. Bg5 Qd4+ 15. Kh1 Nxh5 16. Qxh5 Be6 17. Nd5 Bxd5 18. Rxf5+ Kg8 19. cxd5 Qxd5 20. Nc2 h6 21. Ne3 Qe6 22. Rf6 1-0

[Event "Titled Tuesday intern op 28th Jun Early"]
[Site "Chess.com INT"]
[Date "2022.06.28"]
[Round "5"]
[White "Matveeva, Olga"]
[Black "Coto Mederos, Michel"]
[Result "0-1"]
[WhiteElo "2168"]
[BlackElo "2353"]
[PlyCount "64"]
[EventDate "2022.06.28"]
[EventType "swiss (blitz)"]
[EventRounds "11"]
[EventCountry "USA"]
[SourceTitle "CBM 209 Extra"]
[Source "ChessBase"]
[SourceDate "2022.09.30"]
[SourceVersion "1"]
[SourceVersionDate "2022.09.30"]
[SourceQuality "1"]

1. d4 d5 2. c4 e6 3. Nf3 Nf6 4. g3 Bb4+ 5. Bd2 Be7 6. Bg2 0-0 7. 0-0 Nbd7 8. Qc2 Ne4 9. Bf4 c6 10. Nc3 g5 11. Bc1 Nd6 12. cxd5 exd5 13. Ne5 f6 14. Nd3 Re8 15. e4 dxe4 16. Nxe4 Nf8 17. Ndc5 Bf5 18. Qb3+ Kh8 19. Nxd6 Qxd6 20. Nxb7 Qxd4 21. Rd1 Qe5 22. Bxc6 Bh3 23. Be3 Rec8 24. Bh1 Rc7 25. Rac1 Rac8 26. Rxc7 Rxc7 27. Qf7 Bc5 28. Qh5 Bxe3 29. Qxh3 Bxf2+ 30. Kf1 Rc2 31. Na5 Qe2+ 32. Kg2 Qe4+ 0-1

[Event "Titled Tuesday intern op 21st Jun Early"]
[Site "Chess.com INT"]
[Date "2022.06.21"]
[Round "10"]
[White "Coto Mederos, Michel"]
[Black "Namitbir, Singh Walia"]
[Result "0-1"]
[WhiteElo "2353"]
[BlackElo "2293"]
[PlyCount "136"]
[EventDate "2022.06.21"]
[EventType "swiss (blitz)"]
[EventRounds "11"]
[EventCountry "USA"]
[SourceTitle "EXT 2023"]
[Source "ChessBase"]
[SourceDate "2022.10.05"]
[SourceVersion "1"]
[SourceVersionDate "2022.10.05"]
[SourceQuality "1"]

1. c4 e5 2. Nc3 Nc6 3. g3 f5 4. Bg2 Nf6 5. e3 d5 6. cxd5 Nb4 7. d3 Nbxd5 8. Nf3 Bd6 9. 0-0 Nxc3 10. bxc3 0-0 11. c4 Qe8 12. Bb2 c6 13. Qb3 Kh8 14. Rfd1 Bc7 15. d4 e4 16. Ne5 Nd7 17. Nxd7 Qxd7 18. d5 c5 19. d6 Bd8 20. Rd5 b6 21. Rad1 Bb7 22. R5d2 Bf6 23. Bxf6 Rxf6 24. Qc3 Rd8 25. Qe5 Kg8 26. h4 Re8 27. Qf4 Bc6 28. Bh3 g6 29. h5 Ba4 30. Rb1 Ree6 31. hxg6 hxg6 32. Kg2 Rxd6 33. Rxd6 Qxd6 34. Qg5 Rf7 35. Rh1 Bd1 36. Kh2 Bf3 37. Rb1 Qf6 38. Qxf6 Rxf6 39. Bg2 Bxg2 40. Kxg2 Rd6 41. Rb2 Rd3 42. Rc2 Kf7 43. Kf1 Kf6 44. Ke2 Ke5 45. Rc1 Ra3 46. Rc2 g5 47. Kd2 Rd3+ 48. Ke2 f4 49. gxf4+ gxf4 50. exf4+ Kxf4 51. a4 Ra3 52. Rb2 Rxa4 53. Rc2 Ra3 54. Rb2 Rc3 55. Ra2 Rxc4 56. Rxa7 Rc2+ 57. Ke1 Rb2 58. Rf7+ Ke5 59. Re7+ Kd5 60. Rd7+ Kc4 61. Re7 Kd4 62. Rd7+ Kc3 63. Re7 Rb4 64. Ke2 b5 65. Re5 Rc4 66. Ke3 b4 67. Re8 b3 68. Rb8 Rb4 0-1

[Event "Titled Tuesday intern op 21st Jun Early"]
[Site "Chess.com INT"]
[Date "2022.06.21"]
[Round "2"]
[White "Coto Mederos, Michel"]
[Black "Tarasova, Viktoriya"]
[Result "1-0"]
[WhiteElo "2353"]
[BlackElo "2226"]
[PlyCount "51"]
[EventDate "2022.06.21"]
[EventType "swiss (blitz)"]
[EventRounds "11"]
[EventCountry "USA"]
[SourceTitle "EXT 2023"]
[Source "ChessBase"]
[SourceDate "2022.10.05"]
[SourceVersion "1"]
[SourceVersionDate "2022.10.05"]
[SourceQuality "1"]

1. c4 Nf6 2. Nc3 e5 3. Nf3 Nc6 4. e4 Bb4 5. d3 d6 6. a3 Bxc3+ 7. bxc3 0-0 8. Be2 h6 9. 0-0 Bg4 10. Rb1 Bxf3 11. Bxf3 Rb8 12. Be2 Nd7 13. f4 exf4 14. Bxf4 Qe7 15. Qd2 Nde5 16. Kh1 Ng6 17. Be3 b6 18. Rf5 Qd7 19. Rbf1 Nce7 20. R5f2 Qa4 21. Qc1 a5 22. Rf3 Qd7 23. Rh3 Qe6 24. Bxh6 gxh6 25. Qxh6 Rfe8 26. Bg4 1-0

[Event "Titled Tuesday intern op 21st Jun Early"]
[Site "Chess.com INT"]
[Date "2022.06.21"]
[Round "4"]
[White "Coto Mederos, Michel"]
[Black "Todorovic, Bojan"]
[Result "0-1"]
[WhiteElo "2353"]
[BlackElo "2222"]
[PlyCount "82"]
[EventDate "2022.06.21"]
[EventType "swiss (blitz)"]
[EventRounds "11"]
[EventCountry "USA"]
[SourceTitle "EXT 2023"]
[Source "ChessBase"]
[SourceDate "2022.10.05"]
[SourceVersion "1"]
[SourceVersionDate "2022.10.05"]
[SourceQuality "1"]

1. d4 d5 2. Nf3 Nf6 3. Bf4 Bf5 4. e3 e6 5. c4 Bxb1 6. Rxb1 Bb4+ 7. Ke2 0-0 8. a3 Bd6 9. Ne5 dxc4 10. f3 Nd5 11. Bg3 c3 12. e4 Nb6 13. bxc3 Bxa3 14. Kf2 N8d7 15. Be2 Nxe5 16. Bxe5 f6 17. Bg3 Qe7 18. c4 Bd6 19. c5 Bxg3+ 20. hxg3 Nd7 21. Rxb7 Nxc5 22. dxc5 Qxc5+ 23. Kf1 Rab8 24. Rxb8 Rxb8 25. g4 a5 26. Rh5 e5 27. g5 c6 28. gxf6 gxf6 29. g3 a4 30. Bd3 a3 31. f4 a2 32. fxe5 Qc3 33. Qg4+ Kf8 34. Qe2 a1Q+ 35. Kg2 Rb2 36. exf6 Rxe2+ 37. Bxe2 Qe3 38. Bf3 Qb2+ 39. Kh3 Qxf3 40. Rf5 Qbg2+ 41. Kh4 Qgxg3# 0-1

[Event "Titled Tuesday intern op 21st Jun Early"]
[Site "Chess.com INT"]
[Date "2022.06.21"]
[Round "6"]
[White "Rosenberg, Evan"]
[Black "Coto Mederos, Michel"]
[Result "0-1"]
[WhiteElo "2016"]
[BlackElo "2353"]
[PlyCount "106"]
[EventDate "2022.06.21"]
[EventType "swiss (blitz)"]
[EventRounds "11"]
[EventCountry "USA"]
[SourceTitle "EXT 2023"]
[Source "ChessBase"]
[SourceDate "2022.10.05"]
[SourceVersion "1"]
[SourceVersionDate "2022.10.05"]
[SourceQuality "1"]

1. e4 d5 2. exd5 Qxd5 3. Nc3 Qa5 4. b4 Qxb4 5. Rb1 Qd6 6. Nf3 c6 7. Bc4 Nf6 8. 0-0 e6 9. Re1 Be7 10. Rb3 0-0 11. Ba3 Qc7 12. Bxe7 Qxe7 13. d4 Qc7 14. Ne5 Nbd7 15. Nxf7 Rxf7 16. Bxe6 Nf8 17. Bxf7+ Qxf7 18. Ne4 Nxe4 19. Rxe4 Be6 20. Rf3 Qd7 21. Rh4 Re8 22. h3 Ng6 23. Rh5 Bd5 24. Rg3 Bxa2 25. Rhg5 Qe7 26. Kh2 Bd5 27. Qd3 Qe4 28. Qa3 a6 29. Qd6 Qe7 30. Qxe7 Rxe7 31. c3 a5 32. f4 Nxf4 33. R3g4 Ne2 34. h4 a4 35. h5 h6 36. Re5 Rxe5 37. dxe5 a3 38. Ra4 a2 39. g4 Nxc3 40. Ra8+ Kf7 41. Kg3 b5 42. Kf4 Na4 43. Ra7+ Ke6 44. Rxg7 a1Q 45. Rg6+ Kf7 46. Rf6+ Ke7 47. Kf5 Qb1+ 48. Kf4 Qe4+ 49. Kg3 Qxe5+ 50. Rf4 Nc5 51. g5 hxg5 52. h6 Qxf4+ 53. Kh3 Qh4# 0-1

[Event "Titled Tuesday intern op 21st Jun Early"]
[Site "Chess.com INT"]
[Date "2022.06.21"]
[Round "7"]
[White "Samunenkov, Igor"]
[Black "Coto Mederos, Michel"]
[Result "1-0"]
[WhiteElo "2433"]
[BlackElo "2353"]
[PlyCount "71"]
[EventDate "2022.06.21"]
[EventType "swiss (blitz)"]
[EventRounds "11"]
[EventCountry "USA"]
[SourceTitle "EXT 2023"]
[Source "ChessBase"]
[SourceDate "2022.10.05"]
[SourceVersion "1"]
[SourceVersionDate "2022.10.05"]
[SourceQuality "1"]

1. d4 d5 2. c4 e6 3. Nf3 Nf6 4. g3 Bb4+ 5. Bd2 Be7 6. Bg2 0-0 7. 0-0 Ne4 8. Bf4 c6 9. Nbd2 g5 10. Bxb8 Rxb8 11. cxd5 exd5 12. Nxe4 dxe4 13. Ne5 f6 14. Qb3+ Qd5 15. Nxc6 Qxb3 16. Nxe7+ Kf7 17. axb3 Kxe7 18. Bxe4 f5 19. Bg2 a6 20. Rfc1 Kd6 21. Ra5 Bd7 22. Rd5+ Ke6 23. Rc7 Bc6 24. Re5+ Kd6 25. Rxh7 Bxg2 26. Kxg2 Rbe8 27. f4 gxf4 28. gxf4 Rc8 29. Rxb7 Rg8+ 30. Kf3 Rc1 31. Rb6+ Kd7 32. Rxa6 Rh1 33. Rxf5 Rxh2 34. Rf7+ Ke8 35. Rb7 Rh3+ 36. Ke4 1-0

[Event "Titled Tuesday intern op 24th May Early"]
[Site "Chess.com INT"]
[Date "2022.05.24"]
[Round "11"]
[White "Mikhalsky, Vladimir"]
[Black "Coto Mederos, Michel"]
[Result "0-1"]
[WhiteElo "2269"]
[BlackElo "2353"]
[PlyCount "104"]
[EventDate "2022.05.24"]
[EventType "swiss (blitz)"]
[EventRounds "11"]
[EventCountry "USA"]
[SourceTitle "EXT 2023"]
[Source "ChessBase"]
[SourceDate "2022.10.05"]
[SourceVersion "1"]
[SourceVersionDate "2022.10.05"]
[SourceQuality "1"]

1. d4 d5 2. c4 e6 3. Nf3 Nf6 4. g3 Bb4+ 5. Bd2 Be7 6. Qc2 0-0 7. Bg2 Nbd7 8. Kf1 Ne4 9. Nc3 Ndf6 10. Ne5 Nxc3 11. Bxc3 c6 12. Bf3 Nd7 13. Ng4 dxc4 14. a4 a5 15. e4 f5 16. exf5 exf5 17. Ne3 Nb6 18. Be2 Be6 19. Rd1 f4 20. Qe4 Qd7 21. gxf4 Bd6 22. f5 Bxf5 23. Nxf5 Qxf5 24. Qxf5 Rxf5 25. Bg4 Rf4 26. Be6+ Kh8 27. Kg2 Raf8 28. Rhf1 R4f6 29. Bh3 Rg6+ 30. Kh1 Rh6 31. Kg2 Nd5 32. Bd2 Bf4 33. Bg4 Rxh2+ 34. Kg1 Rh4 35. f3 h5 36. Be1 hxg4 37. Bxh4 Ne3 38. fxg4 Nxf1 39. Rxf1 Be3+ 40. Kg2 Rxf1 41. Kxf1 Bxd4 42. Be1 Bxb2 43. Bxa5 c3 44. Ke2 c2 45. Bd2 c1Q 46. Bxc1 Bxc1 47. Kd3 Bh6 48. Kc4 Kg8 49. Kc5 Be3+ 50. Kd6 c5 51. Kc7 c4 52. Kxb7 c3 0-1

[Event "Titled Tuesday intern op 24th May Early"]
[Site "Chess.com INT"]
[Date "2022.05.24"]
[Round "6"]
[White "Vignesh, NR."]
[Black "Coto Mederos, Michel"]
[Result "0-1"]
[WhiteElo "2427"]
[BlackElo "2353"]
[PlyCount "142"]
[EventDate "2022.05.24"]
[EventType "swiss (blitz)"]
[EventRounds "11"]
[EventCountry "USA"]
[SourceTitle "EXT 2023"]
[Source "ChessBase"]
[SourceDate "2022.10.05"]
[SourceVersion "1"]
[SourceVersionDate "2022.10.05"]
[SourceQuality "1"]

1. e4 e5 2. Nf3 Nc6 3. Bb5 a6 4. Ba4 Nf6 5. 0-0 b5 6. Bb3 Bc5 7. c3 d6 8. d4 Bb6 9. Be3 0-0 10. Nbd2 Bg4 11. h3 Bh5 12. dxe5 dxe5 13. Bxb6 cxb6 14. Qe2 Qc7 15. Rfd1 Rfd8 16. Nf1 Na5 17. Bc2 Nc4 18. Rxd8+ Rxd8 19. Rb1 h6 20. g4 Bg6 21. Nh4 Bh7 22. Nf5 Bxf5 23. exf5 e4 24. Bb3 Ne5 25. Rd1 Nf3+ 26. Kg2 Re8 27. Qe3 h5 28. g5 Nh4+ 29. Kh1 Nxf5 30. Qd2 e3 31. fxe3 Ne4 32. Qd7 Qxd7 33. Rxd7 Nxg5 34. Rb7 Nxe3 35. Nxe3 Rxe3 36. h4 Rh3+ 37. Kg2 Rxh4 38. Rxb6 Rg4+ 39. Kf1 h4 40. Rxa6 h3 41. a4 h2 42. Bd5 bxa4 43. c4 Rg1+ 44. Kf2 h1Q 45. Bxh1 Rxh1 46. Rxa4 Rb1 47. b4 Rb3 48. c5 Ne6 49. c6 g5 50. Ke1 Kg7 51. Kd2 g4 52. Kc2 Nd4+ 53. Kd2 Nxc6 54. b5 Rxb5 55. Rxg4+ Kf6 56. Ke3 Ne5 57. Ra4 Kf5 58. Rf4+ Ke6 59. Ra4 Rb3+ 60. Ke4 f5+ 61. Kf4 Ng6+ 62. Kg5 Rg3+ 63. Kh5 Ne5 64. Ra6+ Kd5 65. Ra4 Rg4 66. Ra5+ Kd4 67. Ra4+ Nc4 68. Ra5 Ke4 69. Ra4 Kf3 70. Rb4 Ne3 71. Rb3 Rg1 0-1

[Event "Titled Tuesday intern op 17th May Early"]
[Site "Chess.com INT"]
[Date "2022.05.17"]
[Round "1"]
[White "Coto Mederos, Michel"]
[Black "Marin Ramirez, Gerardo"]
[Result "1-0"]
[WhiteElo "2353"]
[BlackElo "2204"]
[PlyCount "55"]
[EventDate "2022.05.17"]
[EventType "swiss (blitz)"]
[EventRounds "11"]
[EventCountry "USA"]
[SourceTitle "CBM 208 Extra"]
[Source "ChessBase"]
[SourceDate "2022.07.31"]
[SourceVersion "1"]
[SourceVersionDate "2022.07.31"]
[SourceQuality "1"]

1. d4 d5 2. Nf3 Nf6 3. Bf4 c6 4. e3 Qb6 5. Nbd2 Bg4 6. h3 Bh5 7. Rb1 e6 8. g4 Bg6 9. Ne5 Nfd7 10. Nxg6 hxg6 11. Bd3 c5 12. c3 Bd6 13. Qf3 Bxf4 14. Qxf4 cxd4 15. exd4 Nc6 16. Nf3 Rc8 17. h4 Qc7 18. Qxc7 Rxc7 19. Kd2 Nf6 20. Rbg1 Ne7 21. Ne5 Nd7 22. f4 Nc6 23. h5 Ncxe5 24. fxe5 g5 25. Rf1 Nb6 26. b3 a5 27. a4 Rxh5 28. Rxh5 1-0

[Event "Titled Tuesday intern op 03rd May Early"]
[Site "Chess.com INT"]
[Date "2022.05.03"]
[Round "4"]
[White "Coto Mederos, Michel"]
[Black "Djordjevic, Vuk D"]
[Result "0-1"]
[WhiteElo "2353"]
[BlackElo "2382"]
[PlyCount "82"]
[EventDate "2022.05.03"]
[EventType "swiss (blitz)"]
[EventRounds "11"]
[EventCountry "USA"]
[SourceTitle "CBM 208 Extra"]
[Source "ChessBase"]
[SourceDate "2022.07.31"]
[SourceVersion "1"]
[SourceVersionDate "2022.07.31"]
[SourceQuality "1"]

1. c4 e5 2. Nc3 Nc6 3. g3 g6 4. Bg2 Bg7 5. e3 d6 6. Nge2 Be6 7. Nd5 Qd7 8. Rb1 Nd8 9. d3 c6 10. Ndc3 Bh3 11. 0-0 Bxg2 12. Kxg2 Ne7 13. e4 d5 14. Ng1 Ne6 15. b4 a6 16. Qa4 b5 17. cxb5 cxb5 18. Qb3 Nd4 19. Qb2 0-0 20. Nge2 Rac8 21. Bd2 Nxe2 22. Nxe2 dxe4 23. dxe4 Qd3 24. Nc3 f5 25. exf5 Rxf5 26. Rbd1 e4 27. Qb3+ Rc4 28. Nb1 Qxb3 29. axb3 Rc2 30. Be3 Nd5 31. Rd2 Nxe3+ 32. fxe3 Rxf1 33. Kxf1 Rc1+ 34. Kg2 Rxb1 35. Rd8+ Bf8 36. Re8 Rxb3 37. Rxe4 Rxb4 38. Re6 a5 39. Ra6 a4 40. Kf3 a3 41. g4 Ra4 0-1

[Event "Titled Tuesday intern op 03rd May Early"]
[Site "Chess.com INT"]
[Date "2022.05.03"]
[Round "8"]
[White "Coto Mederos, Michel"]
[Black "Yuan, Qingyu"]
[Result "0-1"]
[WhiteElo "2353"]
[BlackElo "2373"]
[PlyCount "146"]
[EventDate "2022.05.03"]
[EventType "swiss (blitz)"]
[EventRounds "11"]
[EventCountry "USA"]
[SourceTitle "CBM 208 Extra"]
[Source "ChessBase"]
[SourceDate "2022.07.31"]
[SourceVersion "1"]
[SourceVersionDate "2022.07.31"]
[SourceQuality "1"]

1. c4 e6 2. Nc3 d5 3. e3 Nf6 4. Nf3 Nbd7 5. b3 Bd6 6. Bb2 0-0 7. Qc2 a6 8. d4 b6 9. Bd3 Bb7 10. cxd5 exd5 11. 0-0 Re8 12. Ne2 Ne4 13. Ng3 Qf6 14. Nd2 Qh4 15. Nf3 Qf6 16. Nd2 Qe6 17. Rac1 Ndf6 18. Rfe1 Ng4 19. Ndxe4 dxe4 20. Bc4 Qh6 21. h3 Bxg3 22. fxg3 Nxe3 23. Bxf7+ Kxf7 24. Qf2+ Kg8 25. Qxe3 Qxe3+ 26. Rxe3 Re7 27. g4 Bd5 28. Ba3 Rd7 29. Bb2 Rf8 30. Rf1 Rxf1+ 31. Kxf1 Kf7 32. Ke2 Ke6 33. Ke1 Bc6 34. Re2 g6 35. Kd2 Rf7 36. Ke1 Kd5 37. Rf2 Re7 38. Ba3 Re6 39. Bb2 e3 40. Rf8 Ke4 41. a4 Kd3 42. Rd8 Be4 43. d5 Rd6 44. Rxd6 cxd6 45. Ba3 Bxd5 46. Bxd6 Bxb3 47. Bc7 b5 48. axb5 axb5 49. Bd6 Bd5 50. Bc5 Bxg2 51. h4 Bf3 52. g5 e2 53. Be7 Kc3 54. Bf6+ Kc2 55. Be7 Bg4 56. Bd6 Kc3 57. Be5+ Kc4 58. Kd2 b4 59. Bf6 Kb3 60. Be7 Kc4 61. Bf6 b3 62. Be5 Kd5 63. Bg7 Ke4 64. Bf6 Kf3 65. Ke1 Ke3 66. Be5 Kd3 67. Bf6 Bh5 68. Bg7 Kc2 69. Bf6 Kc1 70. Bc3 Kc2 71. Bd4 b2 72. Bxb2 Kxb2 73. Kd2 Kb3 0-1

[Event "Titled Tuesday intern op 03rd May Early"]
[Site "Chess.com INT"]
[Date "2022.05.03"]
[Round "9"]
[White "Varshini, Veileven"]
[Black "Coto Mederos, Michel"]
[Result "0-1"]
[WhiteElo "2126"]
[BlackElo "2353"]
[PlyCount "110"]
[EventDate "2022.05.03"]
[EventType "swiss (blitz)"]
[EventRounds "11"]
[EventCountry "USA"]
[SourceTitle "CBM 208 Extra"]
[Source "ChessBase"]
[SourceDate "2022.07.31"]
[SourceVersion "1"]
[SourceVersionDate "2022.07.31"]
[SourceQuality "1"]

1. e4 e5 2. Nf3 Nc6 3. Bb5 a6 4. Ba4 Nf6 5. Qe2 b5 6. Bb3 Bc5 7. c3 d6 8. 0-0 Bb6 9. Rd1 h6 10. d3 0-0 11. h3 Qe7 12. Nbd2 Na5 13. Bc2 c5 14. Nf1 Nc6 15. Ng3 Be6 16. Nh4 Kh7 17. Nhf5 Bxf5 18. Nxf5 Qe6 19. Be3 Ne7 20. d4 Nxf5 21. exf5 Qe7 22. dxc5 Bxc5 23. Bxc5 dxc5 24. Qe3 Rad8 25. Re1 Rfe8 26. Rad1 Rxd1 27. Rxd1 Kg8 28. Qd3 e4 29. Qd6 Qa7 30. Re1 c4 31. Qf4 Nd5 32. Qd2 e3 33. fxe3 Rxe3 34. Rxe3 Qxe3+ 35. Qxe3 Nxe3 36. Be4 Nd1 37. Bb7 Nxb2 38. Bxa6 b4 39. Bxc4 Nxc4 40. cxb4 Kf8 41. Kf2 Ke7 42. Ke2 Kd6 43. Kd3 Kd5 44. Kc3 Nd6 45. a4 Nxf5 46. a5 Nd6 47. a6 Nb5+ 48. Kb3 f5 49. Ka4 Kc6 50. Ka5 f4 51. Ka4 g5 52. Kb3 Kb6 53. Kc4 Nd6+ 54. Kd5 Nf5 55. Ke4 Nh4 0-1

[Event "Titled Tuesday intern op 12th Apr Early"]
[Site "Chess.com INT"]
[Date "2022.04.12"]
[Round "4"]
[White "Coto Mederos, Michel"]
[Black "Sailer, Mike L"]
[Result "1-0"]
[WhiteElo "2348"]
[BlackElo "2109"]
[PlyCount "47"]
[EventDate "2022.04.12"]
[EventType "swiss (blitz)"]
[EventRounds "11"]
[EventCountry "USA"]
[SourceTitle "CBM 207 Extra"]
[Source "ChessBase"]
[SourceDate "2022.05.31"]
[SourceVersion "1"]
[SourceVersionDate "2022.05.31"]
[SourceQuality "1"]

1. c4 c6 2. d4 d5 3. Nf3 Nf6 4. Nc3 a6 5. c5 g6 6. Bf4 Bg7 7. h3 0-0 8. e3 Bf5 9. Bd3 Bxd3 10. Qxd3 Nbd7 11. 0-0 Re8 12. Bh2 Nh5 13. g4 Nhf6 14. b4 b6 15. a4 a5 16. b5 bxc5 17. bxc6 c4 18. Qb1 Nf8 19. Qb5 Ne6 20. g5 Ne4 21. Nxe4 dxe4 22. Nd2 Nxg5 23. Qxg5 Qb6 24. Qb5 1-0

[Event "Titled Tuesday intern op 12th Apr Early"]
[Site "Chess.com INT"]
[Date "2022.04.12"]
[Round "11"]
[White "Mirzoev, Azer"]
[Black "Coto Mederos, Michel"]
[Result "1-0"]
[WhiteElo "2482"]
[BlackElo "2348"]
[PlyCount "109"]
[EventDate "2022.04.12"]
[EventType "swiss (blitz)"]
[EventRounds "11"]
[EventCountry "USA"]
[SourceTitle "CBM 207 Extra"]
[Source "ChessBase"]
[SourceDate "2022.05.31"]
[SourceVersion "1"]
[SourceVersionDate "2022.05.31"]
[SourceQuality "1"]

1. d4 d5 2. Nf3 Nf6 3. Bf4 c5 4. e3 Nc6 5. c3 Qb6 6. Qc2 e6 7. Nbd2 Be7 8. Bd3 0-0 9. 0-0 Bd7 10. Ne5 h6 11. Qb3 c4 12. Qxb6 axb6 13. Bc2 b5 14. a3 Be8 15. h3 Nd7 16. Nxd7 Bxd7 17. e4 Bg5 18. Bxg5 hxg5 19. f4 gxf4 20. Rxf4 b4 21. exd5 exd5 22. Bf5 bxc3 23. bxc3 Bxf5 24. Rxf5 Ra5 25. Nf1 g6 26. Rf6 Rfa8 27. Ne3 Ne7 28. Nc2 Nf5 29. Rb1 b5 30. Rb6 Ng3 31. Re1 Ne4 32. Re3 R8a6 33. Rb8+ Kg7 34. Nb4 Rd6 35. Nc2 Rf6 36. Rb7 Rf2 37. Rxe4 Rxc2 38. Ree7 Rxc3 39. Rxf7+ Kh6 40. Kh2 Kg5 41. Rfd7 Raxa3 42. Rxd5+ Kh6 43. Rbxb5 Rc2 44. Rbc5 Raa2 45. Rg5 c3 46. Rg3 Kh7 47. Rc7+ Kh6 48. Rc6 Rd2 49. Rcxg6+ Kh7 50. Rc6 Rxd4 51. Rgxc3 Rdd2 52. Rg3 Re2 53. Rg4 Rf2 54. Rc5 Rfe2 55. Rh5# 1-0

[Event "Titled Tuesday intern op 05th Apr Early"]
[Site "Chess.com INT"]
[Date "2022.04.05"]
[Round "3"]
[White "Hartikainen, Jarmo"]
[Black "Coto Mederos, Michel"]
[Result "0-1"]
[WhiteElo "2133"]
[BlackElo "2348"]
[PlyCount "62"]
[EventDate "2022.04.05"]
[EventType "swiss (blitz)"]
[EventRounds "11"]
[EventCountry "USA"]
[SourceTitle "CBM 207 Extra"]
[Source "ChessBase"]
[SourceDate "2022.05.31"]
[SourceVersion "1"]
[SourceVersionDate "2022.05.31"]
[SourceQuality "1"]

1. e4 d5 2. exd5 Qxd5 3. d4 Nf6 4. c4 Qd8 5. Nc3 Bf5 6. Nf3 e6 7. Bd3 Bxd3 8. Qxd3 Be7 9. 0-0 0-0 10. h3 Nbd7 11. Bf4 c5 12. Rad1 cxd4 13. Nxd4 e5 14. Nf5 exf4 15. Rfe1 Bb4 16. a3 Bxc3 17. Qxc3 Re8 18. Rxe8+ Qxe8 19. Nd6 Qe5 20. Qxe5 Nxe5 21. c5 Rd8 22. Re1 Nd3 23. Re7 Nxc5 24. Nxb7 Nxb7 25. Rxb7 g5 26. Rxa7 Rd1+ 27. Kh2 Rd2 28. b4 Rxf2 29. a4 f3 30. b5 Rxg2+ 31. Kh1 Ne4 0-1

[Event "Titled Tuesday intern op 05th Apr Early"]
[Site "Chess.com INT"]
[Date "2022.04.05"]
[Round "5"]
[White "Lauridsen, Jesper Morch"]
[Black "Coto Mederos, Michel"]
[Result "1-0"]
[WhiteElo "2221"]
[BlackElo "2348"]
[PlyCount "149"]
[EventDate "2022.04.05"]
[EventType "swiss (blitz)"]
[EventRounds "11"]
[EventCountry "USA"]
[SourceTitle "CBM 207 Extra"]
[Source "ChessBase"]
[SourceDate "2022.05.31"]
[SourceVersion "1"]
[SourceVersionDate "2022.05.31"]
[SourceQuality "1"]

1. e4 e5 2. Nf3 Nc6 3. Bc4 Bc5 4. c3 Nf6 5. d3 d6 6. Bg5 h6 7. Bh4 g5 8. Bg3 Bg4 9. Qb3 Qd7 10. Qxb7 Rb8 11. Qa6 Bxf3 12. gxf3 0-0 13. Bb5 Rb6 14. Qa4 a6 15. Bxc6 Rxc6 16. Nd2 Rb8 17. b4 Ba7 18. Nc4 Kg7 19. Bxe5 Rb5 20. Bxf6+ Kxf6 21. Ne3 Kg7 22. Nf5+ Kh7 23. 0-0 Rxc3 24. Qxa6 Bb6 25. a4 Rxf5 26. exf5 Qxf5 27. Qb7 Rxd3 28. Qe4 Qxe4 29. fxe4 Rd4 30. a5 Ba7 31. b5 Rxe4 32. Rab1 Rg4+ 33. Kh1 Ra4 34. b6 cxb6 35. axb6 Bb8 36. Rfc1 d5 37. Rc8 Bf4 38. b7 Ra2 39. Kg2 d4 40. Rd8 Rd2 41. b8Q Bxb8 42. Rbxb8 d3 43. Rb3 Kg6 44. Rbxd3 Re2 45. Rd2 Re5 46. R8d6+ f6 47. R6d5 Re4 48. R5d4 Re5 49. Rd6 h5 50. Rc2 h4 51. Rcc6 Rf5 52. f3 Rf4 53. h3 Kg7 54. Rc7+ Kg6 55. Rdd7 Kf5 56. Rc5+ Kg6 57. Rd6 Ra4 58. Re6 Ra2+ 59. Kf1 Ra4 60. Re4 Ra3 61. Kf2 Ra2+ 62. Re2 Ra3 63. Rc6 Kf5 64. Ree6 Ra2+ 65. Ke3 Ra3+ 66. Kd4 Kf4 67. Rxf6+ Kg3 68. Rf5 Ra4+ 69. Rc4 Ra3 70. Rxg5+ Kxh3 71. f4 Kh2 72. Rc2+ Kh1 73. Rc3 Ra4+ 74. Kc5 Rxf4 75. Rh3# 1-0

[Event "Titled Tuesday intern op 29th Mar Early"]
[Site "Chess.com INT"]
[Date "2022.03.29"]
[Round "1"]
[White "Andreikin, Dmitry"]
[Black "Coto Mederos, Michel"]
[Result "1-0"]
[WhiteElo "2724"]
[BlackElo "2348"]
[PlyCount "73"]
[EventDate "2022.03.29"]
[EventType "swiss (blitz)"]
[EventRounds "11"]
[EventCountry "USA"]
[SourceTitle "CBM 207 Extra"]
[Source "ChessBase"]
[SourceDate "2022.05.31"]
[SourceVersion "1"]
[SourceVersionDate "2022.05.31"]
[SourceQuality "1"]

1. d4 d5 2. c4 e6 3. Nc3 Nf6 4. cxd5 exd5 5. Bg5 Be7 6. e3 c6 7. Bd3 0-0 8. Nge2 Nbd7 9. 0-0 Re8 10. Qc2 Nf8 11. Rae1 Ng6 12. f3 h6 13. Bxh6 gxh6 14. Bxg6 fxg6 15. Qxg6+ Kh8 16. e4 Bf8 17. exd5 cxd5 18. Nf4 Bg7 19. Ncxd5 Bd7 20. Qf7 Bf5 21. g4 Qd7 22. Ne7 Qxd4+ 23. Kg2 Qxf4 24. Nxf5 Rg8 25. Ne7 Kh7 26. Qg6+ Kh8 27. Qd3 Bf8 28. Nxg8 Kxg8 29. Re6 Bg7 30. Rfe1 Rc8 31. Re7 Kh8 32. Rxb7 Rf8 33. Ree7 Nxg4 34. Qh7+ Kxh7 35. Rxg7+ Kh8 36. Rh7+ Kg8 37. Rbg7# 1-0